| 000 | 00778nam0a2200253 4500 | ||
|---|---|---|---|
| 001 | RU\NLR\BIBL_A\012515935 | ||
| 005 | 20250624054547.0 | ||
| 010 | _92000 | ||
| 035 | _a(NLR Aleph) 012515935 | ||
| 090 |
_a13303854 _c13303854 |
||
| 100 | _a20210512d1962 |||y0rusy50 ca | ||
| 101 | 0 | _akir | |
| 102 | _aKG | ||
| 105 | _ay z 000gy | ||
| 200 | 1 |
_aКүндой жарык _fАбдрасул Токтомушев |
|
| 210 |
_aФрунзе _cКыргызокуупедмамбас _d1962 |
||
| 215 |
_a170,[2] c. _d18 |
||
| 541 | 1 |
_aСветоч _eстихи и поэмы _zrus |
|
| 686 | 1 | _aШ9(2)6=Ки-5 | |
| 700 | 1 |
_aТоктомушев _bА. _cпоэт _f1912-1995 _gАбдрасул _4070 |
|
| 852 |
_aNLR _bОНЛ _jКирг./2-3513 |
||
| 942 | _cBOOK | ||
| 980 | _aNB | ||